[Event "Belgrade Trophy 28th"]
[Site "Belgrade"]
[Date "2014.12.02"]
[Round "9"]
[White "Milicevic, Predrag I"]
[Black "Zdravkovic, Dragan N"]
[Result "0-1"]
[WhiteElo "2100"]
[BlackElo "2225"]
[PlyCount "77"]
[EventDate "2014.11.24"]
[EventType "swiss"]
[EventRounds "9"]
[EventCountry "SRB"]
[SourceTitle "CBM 163 Extra"]
[Source "ChessBase"]
[SourceDate "2014.12.23"]
[SourceVersion "1"]
[SourceVersionDate "2014.12.23"]
[SourceQuality "1"]

1. e4 e5 2. Nf3 Nc6 3. Bb5 a6 4. Ba4 Nf6 5. 0-0 b5 6. Bb3 Bc5 7. Nxe5 Nxe5 8. d4 Bxd4 9. Qxd4 d6 10. Qe3 0-0 11. h3 Re8 12. Nd2 Bb7 13. f3 c5 14. c3 Qc7 15. Bc2 Ng6 16. Qf2 Nh5 17. Nb3 h6 18. Bd2 Ngf4 19. Rfe1 Re6 20. e5 Rae8 21. exd6 Qxd6 22. Rxe6 Rxe6 23. Re1 Rxe1+ 24. Qxe1 g6 25. Qf2 Qe5 26. Bxf4 Nxf4 27. Nxc5 Bxf3 28. Qxf3 Qxc5+ 29. Qf2 Qe5 30. Bb3 h5 31. Bxf7+ Kxf7 32. g3 g5 33. gxf4 gxf4 34. Qa7+ Kg6 35. Qxa6+ Kg5 36. Qc8 Qe1+ 37. Kg2 Qg3+ 38. Kf1 Kh4 39. Ke2 0-1

[Event "Belgrade tt Cup"]
[Site "Belgrade"]
[Date "2009.04.11"]
[Round "4"]
[White "Zdravkovic, Dragan N"]
[Black "Ravic, Nenad"]
[Result "0-1"]
[WhiteElo "2192"]
[BlackElo "2186"]
[PlyCount "114"]
[EventDate "2009.04.08"]
[EventType "team-tourn"]
[EventRounds "5"]
[EventCountry "YUG"]
[SourceTitle "CBM 129 Extra"]
[Source "ChessBase"]
[SourceDate "2009.05.05"]
[SourceVersion "2"]
[SourceVersionDate "2009.05.20"]
[SourceQuality "1"]

1. e4 c5 2. f4 g6 3. Nf3 Bg7 4. c3 d5 5. e5 Nc6 6. d4 cxd4 7. cxd4 Bg4 8. Bb5 Nh6 9. Bxc6+ bxc6 10. Be3 Nf5 11. Bf2 Qb6 12. Nbd2 Qxb2 13. 0-0 0-0 14. Qa4 Qb5 15. Qa3 Qb7 16. Rab1 Qc7 17. Qa6 Rab8 18. Rfc1 Rb6 19. Rxb6 axb6 20. h3 Bxf3 21. Nxf3 e6 22. g4 Ne7 23. Ne1 Nc8 24. Qa4 Na7 25. Nd3 Rc8 26. Qb3 Bf8 27. a4 Rb8 28. Rb1 Nc8 29. a5 Qa7 30. Qc3 bxa5 31. Rxb8 Qxb8 32. Qxa5 Qb1+ 33. Ne1 Nb6 34. Qa6 Qb5 35. Qa7 c5 36. dxc5 Bxc5 37. Qb8+ Kg7 38. Nf3 Bxf2+ 39. Kxf2 Qc5+ 40. Kg3 Nc8 41. Qb7 Ne7 42. Qd7 h6 43. h4 h5 44. f5 exf5 45. gxh5 gxh5 46. e6 f4+ 47. Kxf4 Qc4+ 48. Kg3 Qg4+ 49. Kf2 Qxe6 50. Qc7 Nf5 51. Qf4 Qb6+ 52. Kf1 Qf6 53. Kg1 d4 54. Kf2 d3 55. Qb4 Nd6 56. Ke3 d2 57. Qxd2 Nc4+ 0-1

[Event "Belgrade tt Cup"]
[Site "Belgrade"]
[Date "2009.04.09"]
[Round "2"]
[White "Janjic, Jugoslav"]
[Black "Zdravkovic, Dragan N"]
[Result "1/2-1/2"]
[WhiteElo "2072"]
[BlackElo "2192"]
[PlyCount "64"]
[EventDate "2009.04.08"]
[EventType "team-tourn"]
[EventRounds "5"]
[EventCountry "YUG"]
[SourceTitle "CBM 129 Extra"]
[Source "ChessBase"]
[SourceDate "2009.05.05"]
[SourceVersion "2"]
[SourceVersionDate "2009.05.20"]
[SourceQuality "1"]

1. e4 e5 2. Nf3 Nc6 3. Bb5 a6 4. Ba4 Nf6 5. 0-0 b5 6. Bb3 Bc5 7. Nxe5 Nxe5 8. d4 Bxd4 9. Qxd4 d6 10. c3 c5 11. Qd1 Bb7 12. f3 h6 13. a4 0-0 14. axb5 axb5 15. Rxa8 Bxa8 16. Na3 Bc6 17. Qe2 c4 18. Bc2 Re8 19. Rd1 Qc7 20. Qf2 Rb8 21. Qd4 Ne8 22. b3 cxb3 23. Bxb3 Qb6 24. Nc2 Kf8 25. Be3 Qxd4 26. Nxd4 Bd7 27. Rb1 Rc8 28. Ne2 Ra8 29. Nf4 Nf6 30. Nd5 Nxd5 31. Bxd5 Rc8 32. Bd4 Nc6 1/2-1/2

[Event "Belgrade-chT"]
[Site "Belgrade"]
[Date "2008.10.06"]
[Round "2"]
[White "Zdravkovic, Dragan N"]
[Black "Zivkovic, Dejan"]
[Result "1-0"]
[WhiteElo "2183"]
[BlackElo "2162"]
[PlyCount "73"]
[EventDate "2008.10.05"]
[EventType "team-tourn"]
[EventRounds "9"]
[EventCountry "YUG"]
[SourceTitle "CBM 126 Extra"]
[Source "ChessBase"]
[SourceDate "2008.11.05"]
[SourceVersion "1"]
[SourceVersionDate "2008.11.05"]
[SourceQuality "1"]

1. e4 c6 2. d4 d5 3. e5 c5 4. c3 Nc6 5. a3 cxd4 6. cxd4 Qb6 7. Ne2 Bg4 8. f3 Bf5 9. Nbc3 e6 10. Na4 Qc7 11. Be3 b5 12. Nac3 b4 13. axb4 Bxb4 14. g4 Bg6 15. Nf4 Nge7 16. Bd3 Bxc3+ 17. bxc3 Bxd3 18. Qxd3 g6 19. 0-0 Kd7 20. Qc2 Rhc8 21. Nd3 a5 22. Nc5+ Ke8 23. f4 Nb8 24. f5 gxf5 25. gxf5 Nxf5 26. Rxf5 exf5 27. Qg2 Nd7 28. Qg8+ Nf8 29. Bh6 Qe7 30. Bg5 Qa7 31. e6 fxe6 32. Re1 Rc6 33. Nxe6 Kd7 34. Nxf8+ Kc7 35. Ne6+ Kb7 36. Nd8+ Ka6 37. Qxd5 1-0

[Event "Belgrade Winter op"]
[Site "Belgrade"]
[Date "2008.01.26"]
[Round "5"]
[White "Vujacic, Borivoje"]
[Black "Zdravkovic, Dragan N"]
[Result "1/2-1/2"]
[WhiteElo "2326"]
[BlackElo "2202"]
[PlyCount "51"]
[EventDate "2008.01.22"]
[EventType "swiss"]
[EventRounds "9"]
[EventCountry "YUG"]
[SourceTitle "CBM 122 Extra"]
[Source "ChessBase"]
[SourceDate "2008.03.04"]
[SourceVersion "1"]
[SourceVersionDate "2008.03.04"]
[SourceQuality "1"]

1. e4 e5 2. Nf3 Nc6 3. Bb5 a6 4. Ba4 Nf6 5. 0-0 b5 6. Bb3 Bc5 7. a4 Rb8 8. axb5 axb5 9. c3 d6 10. d4 Bb6 11. Na3 Bd7 12. Re1 0-0 13. h3 h6 14. Nc2 Re8 15. dxe5 Nxe5 16. Nxe5 Rxe5 17. Bf4 Rxe4 18. Rxe4 Nxe4 19. Bxf7+ Kh8 20. Qf3 Qf6 21. Qxe4 Qxf7 22. Ra8 Rxa8 23. Qxa8+ Kh7 24. Be3 Qg6 25. Bxb6 Qxc2 26. Bxc7 1/2-1/2

[Event "Belgrade Trophy 20th"]
[Site "Belgrade"]
[Date "2007.11.30"]
[Round "9"]
[White "Zdravkovic, Dragan N"]
[Black "Jovicic, Radosav"]
[Result "1/2-1/2"]
[WhiteElo "2200"]
[BlackElo "2309"]
[PlyCount "22"]
[EventDate "2007.11.22"]
[EventType "swiss"]
[EventRounds "9"]
[EventCountry "YUG"]
[SourceTitle "CBM 121 Extra"]
[Source "ChessBase"]
[SourceDate "2008.01.10"]
[SourceVersion "1"]
[SourceVersionDate "2008.01.10"]
[SourceQuality "1"]

1. e4 e6 2. d4 d5 3. e5 c5 4. c3 Nc6 5. Nf3 Qb6 6. a3 Bd7 7. b4 cxd4 8. cxd4 Nge7 9. Nc3 Nf5 10. Na4 Qd8 11. Bb2 Be7 1/2-1/2

[Event "Belgrade Trophy 20th"]
[Site "Belgrade"]
[Date "2007.11.27"]
[Round "6"]
[White "Zdravkovic, Dragan N"]
[Black "Jovanovic, Dejan"]
[Result "1-0"]
[WhiteElo "2200"]
[BlackElo "2037"]
[PlyCount "83"]
[EventDate "2007.11.22"]
[EventType "swiss"]
[EventRounds "9"]
[EventCountry "YUG"]
[SourceTitle "CBM 121 Extra"]
[Source "ChessBase"]
[SourceDate "2008.01.10"]
[SourceVersion "1"]
[SourceVersionDate "2008.01.10"]
[SourceQuality "1"]

1. e4 c6 2. d4 d5 3. e5 Bf5 4. Nc3 e6 5. g4 Bg6 6. Nge2 h6 7. Nf4 Bh7 8. Bd3 Bxd3 9. Qxd3 Na6 10. a3 Qd7 11. b4 Nc7 12. Be3 Ne7 13. 0-0 Nc8 14. Na4 g6 15. Nc5 Bxc5 16. dxc5 Kf8 17. Ng2 h5 18. h3 a5 19. c3 axb4 20. cxb4 Ne7 21. Bg5 hxg4 22. hxg4 Ne8 23. Nf4 Qc7 24. Qd4 Ng8 25. Kg2 Ng7 26. a4 Ne8 27. a5 Kg7 28. Rh1 Rxh1 29. Rxh1 Qd7 30. Qd3 Qc7 31. Qh3 Kf8 32. Qh8 d4 33. Rh7 d3 34. Nxe6+ fxe6 35. Bh6+ Ng7 36. Rxg7 Qxg7 37. Qxg7+ Ke8 38. Qxg8+ Kd7 39. Qxa8 Kc7 40. Bg5 b5 41. a6 d2 42. Qb7# 1-0

[Event "Belgrade tt Cup"]
[Site "Belgrade"]
[Date "2007.04.13"]
[Round "5.5"]
[White "Zdravkovic, Dragan N"]
[Black "Bjelanovic, Aleksandar"]
[Result "1-0"]
[WhiteElo "2212"]
[BlackElo "2249"]
[PlyCount "71"]
[EventDate "2007.04.09"]
[EventType "team-tourn"]
[EventRounds "5"]
[EventCountry "YUG"]
[SourceTitle "EXT 2008"]
[Source "ChessBase"]
[SourceDate "2007.11.25"]
[SourceVersion "1"]
[SourceVersionDate "2007.11.25"]
[SourceQuality "1"]

1. e4 e5 2. f4 d5 3. exd5 e4 4. d3 exd3 5. Bxd3 Nf6 6. Nc3 Be7 7. Nf3 0-0 8. 0-0 Nbd7 9. Ne5 Bc5+ 10. Kh1 Bd6 11. Nxd7 Bxd7 12. Be3 Re8 13. Bd4 Ng4 14. Qf3 Qh4 15. h3 Re7 16. Ne4 Rae8 17. Kg1 Nh6 18. Nxd6 cxd6 19. Bxa7 Nf5 20. Bf2 Qf6 21. c3 Nh4 22. Bxh7+ Kf8 23. Qh5 Ng6 24. Bd4 Nxf4 25. Bxf6 Nxh5 26. Bxe7+ Rxe7 27. Bd3 Re5 28. Rae1 Rg5 29. Re3 Nf6 30. c4 Bc8 31. g4 Bd7 32. Bf5 Bxf5 33. Rxf5 Rg6 34. Rb3 Nd7 35. Rxb7 Nc5 36. Rbxf7+ 1-0

[Event "Belgrade Spring op"]
[Site "Belgrade"]
[Date "2007.03.30"]
[Round "5"]
[White "Nesovanovic, Miroslav"]
[Black "Zdravkovic, Dragan N"]
[Result "0-1"]
[WhiteElo "1979"]
[BlackElo "2212"]
[PlyCount "67"]
[EventDate "2007.03.26"]
[EventType "swiss"]
[EventRounds "9"]
[EventCountry "YUG"]
[SourceTitle "CBM 117 Extra"]
[Source "ChessBase"]
[SourceDate "2007.05.09"]
[SourceVersion "1"]
[SourceVersionDate "2007.05.09"]
[SourceQuality "1"]

1. e4 e5 2. Nf3 Nc6 3. Bb5 a6 4. Ba4 Nf6 5. 0-0 b5 6. Bb3 Bc5 7. d3 h6 8. c3 d6 9. d4 Bb6 10. dxe5 Nxe5 11. Nxe5 dxe5 12. Qxd8+ Kxd8 13. Bxf7 Bb7 14. Bg6 Ke7 15. Be3 Bxe3 16. fxe3 Rhd8 17. h3 Rd3 18. a4 Rxe3 19. Rf3 Re1+ 20. Rf1 Rxf1+ 21. Kxf1 Nxe4 22. Bxe4 Bxe4 23. Nd2 Bc6 24. Re1 Ke6 25. Ne4 bxa4 26. Re3 Rb8 27. Nc5+ Kd6 28. Nd3 e4 29. Nb4 Bb5+ 30. Ke1 c5 31. Nxa6 Bxa6 32. Rxe4 Bb5 33. Rg4 g5 34. h4 0-1

[Event "Belgrade Spring op"]
[Site "Belgrade"]
[Date "2003.04.02"]
[Round "9"]
[White "Sestovic, Blagoje"]
[Black "Zdravkovic, Dragan N"]
[Result "1/2-1/2"]
[WhiteElo "2111"]
[BlackElo "2258"]
[PlyCount "115"]
[EventDate "2003.03.25"]
[EventType "swiss"]
[EventRounds "9"]
[EventCountry "YUG"]
[SourceTitle "CBM 093 Extra"]
[Source "ChessBase"]
[SourceDate "2003.05.09"]
[SourceVersion "1"]
[SourceVersionDate "2003.05.09"]
[SourceQuality "1"]

1. Nf3 d5 2. b4 e6 3. Bb2 Nf6 4. a3 Be7 5. e3 Nbd7 6. c4 dxc4 7. Bxc4 Nb6 8. Bb3 0-0 9. 0-0 Bd7 10. Ne5 a5 11. Nxd7 Qxd7 12. bxa5 Rxa5 13. Nc3 Rfa8 14. Qc1 c5 15. d4 cxd4 16. exd4 Rc8 17. Qd2 Nc4 18. Bxc4 Rxc4 19. Rfd1 Bd6 20. h3 Qc7 21. a4 Bb4 22. Nb5 Bxd2 23. Nxc7 Rxc7 24. Rxd2 Rc4 25. Kf1 h6 26. Ke2 Ne4 27. Rdd1 Rc2+ 28. Kd3 Rxb2 29. Kxe4 Rxf2 30. g4 Rb2 31. Rdb1 Rxa4 32. Rxb2 Rxa1 33. Rxb7 Rh1 34. Rb3 Kh7 35. Rd3 Rf1 36. Ke5 Kg6 37. h4 Rh1 38. h5+ Kh7 39. Rf3 Kg8 40. Kd6 Rd1 41. Rf4 Kf8 42. Ke5 Ke7 43. Ke4 Re1+ 44. Kd3 f6 45. Kd2 Rg1 46. Ke3 Kd6 47. Kf2 Ra1 48. Rf3 Ra2+ 49. Kg3 Rd2 50. Ra3 Ke7 51. Ra7+ Kf8 52. Rd7 e5 53. d5 Rd3+ 54. Kf2 e4 55. d6 Ra3 56. Rd8+ Kf7 57. Rd7+ Kf8 58. Rd8+ 1/2-1/2

[Event "Belgrade Spring op"]
[Site "Belgrade"]
[Date "2003.03.25"]
[Round "1"]
[White "Djurdjevic, Petar S"]
[Black "Zdravkovic, Dragan N"]
[Result "1-0"]
[WhiteElo "2075"]
[BlackElo "2258"]
[PlyCount "126"]
[EventDate "2003.03.25"]
[EventType "swiss"]
[EventRounds "9"]
[EventCountry "YUG"]
[SourceTitle "CBM 093 Extra"]
[Source "ChessBase"]
[SourceDate "2003.05.09"]
[SourceVersion "1"]
[SourceVersionDate "2003.05.09"]
[SourceQuality "1"]

1. d4 d5 2. e3 Nf6 3. Bd3 e6 4. f4 Be7 5. Nf3 Nbd7 6. Ne5 c5 7. c3 0-0 8. Qf3 Nb6 9. 0-0 Bd7 10. Nd2 a6 11. Nxd7 Nbxd7 12. g4 g6 13. Rf2 Ne8 14. Nf1 Ng7 15. Ng3 Rb8 16. Bd2 b5 17. a3 Bh4 18. Rg2 Be7 19. Rd1 a5 20. e4 c4 21. Bb1 Nb6 22. f5 dxe4 23. Bxe4 Nd5 24. Rf1 Nf6 25. Bb1 exf5 26. gxf5 Rb6 27. Bh6 Nd5 28. Re1 Bh4 29. Re5 Nf6 30. Bxg7 Kxg7 31. fxg6 fxg6 32. Nf5+ Kh8 33. Nxh4 Nd7 34. Qg3 Nxe5 35. Qxe5+ Qf6 36. Re2 Re6 37. Qxf6+ Rexf6 38. Be4 Re8 39. Bf3 Rxe2 40. Bxe2 Kg7 41. Nf3 Re6 42. Kf2 Kf6 43. Ne5 Kg5 44. Kg3 h5 45. h4+ Kf5 46. a4 bxa4 47. Bxc4 Rb6 48. Bd3+ Ke6 49. Nc4 Rb8 50. Kf4 a3 51. bxa3 Rb3 52. Nxa5 Rxa3 53. Bc4+ Kf6 54. Nb3 Ra2 55. Nc5 Rh2 56. Ne4+ Ke7 57. Kg3 Rh1 58. Kf4 Rxh4+ 59. Ke5 Rg4 60. d5 h4 61. d6+ Kd8 62. Be6 Rg2 63. Nc5 Rd2 1-0

[Event "Belgrade op"]
[Site "Belgrade"]
[Date "1989.??.??"]
[Round "5"]
[White "Zecevic, Milan"]
[Black "Zdravkovic, Dragan N"]
[Result "1/2-1/2"]
[WhiteElo "2245"]
[BlackElo "2285"]
[PlyCount "37"]
[EventDate "1989.11.??"]
[EventType "swiss"]
[EventRounds "9"]
[EventCountry "YUG"]
[SourceTitle "EXT 1997"]
[Source "ChessBase"]
[SourceDate "1996.11.15"]
[SourceVersion "1"]
[SourceVersionDate "1996.11.15"]
[SourceQuality "1"]

1. e4 e5 2. Nf3 Nc6 3. Bb5 a6 4. Bxc6 dxc6 5. 0-0 f6 6. d4 exd4 7. Nxd4 c5 8. Ne2 Be6 9. Bf4 Qxd1 10. Rxd1 Bd6 11. Bxd6 0-0-0 12. Nbc3 Rxd6 13. Nf4 Bf7 14. Rxd6 cxd6 15. Rd1 Kd7 16. Ncd5 Bxd5 17. Nxd5 Ne7 18. Nxe7 Kxe7 19. f4 1/2-1/2